000 00619nam a2200205 i 4500
001 73372
003 ES-MaACL
005 20250717013057.0
007 t|
008 041005s1880 fr ||||1| fre d
100 1 _aZola, Émile,
_d1840-1902
_9118331
245 1 0 _aMadeleine Férat /
_cEmile Zola.
250 _a4e éd.
260 _aParis :
_bC. Marpon et E. Flammarion,
_c1880.
300 _a308 p. ;
_c18 cm.
852 _aES-MaACL
_jE-8673(2)
_q. - Encuadernado con otra obra
852 _aES-MaACL
_jG-15861
_z-- Enc. hol.
_z-- Legado de M. de la Fuente
942 _2udc
999 _c73372
_d73372